00631nam a2200205Ia 4500003000900000008004100009040001300050040001300063041000800076100002200084245004100106260002100147260000900168300000800177490002200185490000600207942000700213999001300220952019200233IT-RoPAU120407s9999 xx 000 0 und d aIT-RoPAU cIT-RoPAU aita aAngela da Foligno aIl libro della B. Angela da Foligno. aEdizioni Paoline c1955 c cm aAmanti di Dio, 1 v1 cBK c187d187 00102ddc406276_800000000000000_71171aPAULUSbPAULUSd2012-04-11l0o276.8.711r2012-04-11 00:00:00w2012-04-11yBKzInserito da: Anna In data: n.d. fondo: Via A.Severo 56 Progr:12949